000 00966cam a2200241 4500
001 WB3706-17
008 000000n2001 000 0 eng u
035 _a(Sirsi) u110750
245 _aHouse prices rise
260 _c2001
490 _aSunday Times
_v4 February 2001, 1
490 _aFinancial Times
_v7 February 2001, 3(2)
520 _aFigures from Nationwide indicate a turnaround for house prices, with a 2.5% rise in January 2001. Despite this marked recovery from the second half of 2000, Nationwide suggests that the rate of growth will slow, with a 7% overall rise this year, in comparison to 9.3% in 2000. However, figures from Halifax present a contradictory picture. Graphs.
590 _aWB
650 _aFORECAST
650 _aINTEREST RATES
650 _aHOUSING MARKET
650 _aNATIONWIDE
650 _aHALIFAX
650 _aHOUSE PRICES
690 _aPROPERTY-RESIDENTIAL PROPERTY-RESIDENTIAL PROPERTY MARKET
942 _n0
999 _c66013
_d66013